Discovery for students at post-intermediate level

Збережено в:
Бібліографічні деталі
Автор: Peaty, David (Автор)
Формат: Книга
Мова:Англійська
Опубліковано: Oxford Oxford University 1984
Редагування:1a. ed
Предмети:
Теги: Додати тег
Немає тегів, Будьте першим, хто поставить тег для цього запису!

MARC

LEADER 00000nam a2200000 a 4500
001 UCK0749
003 CL-VaPUC
008 041022e19840000UK |||||||||||||||||eng|d
020 |a 0194532615 
082 0 4 |a 428  |b PEA  |2 21 
100 |a Peaty, David  |e author  |9 568265 
245 1 0 |a Discovery for students at post-intermediate level 
250 |a 1a. ed 
300 |a 120 p 
942 |c BK 
945 |d 20041022 00:00:00  |a vberengu 
260 |a Oxford  |b Oxford University  |c 1984 
650 0 |a Lengua inglesa  |9 318842 
650 0 |a Enseñanza del inglés  |9 367340 
650 0 |a Libros de texto  |9 270019 
650 0 |a Educación lingüística  |9 306506 
583 |a last modification  |c 20041022 00:00:00  |k Rodrigo Vera 
999 |c 311021  |d 311019 
952 |0 0  |1 0  |4 0  |6 428_000000000000000_PEA_1984  |7 0  |8 A  |9 380202  |a BIBEDU  |b BIBEDU  |d 2019-11-21  |i 4067851  |o 428 PEA 1984  |p 4067851  |r 2019-11-21  |w 2019-11-21  |y BK  |k LIT